| 000 | 00572nam a22001577a 4500 | ||
|---|---|---|---|
| 003 | OSt | ||
| 005 | 20151102140709.0 | ||
| 008 | 151102b xxu||||| |||| 00| 0 eng d | ||
| 040 | _cRUA | ||
| 082 | _aFOR យ៉ែម 1991 B116 Or.1 | ||
| 100 |
_93180 _aយ៉ែម សុខន |
||
| 245 | _aសុវុឌ្ឍិកម្មព្រៃគុប ឆ្នាំ ១៩៨៧ អនុតំបន់ ១៧នៅស្រុកស្នួល ខេត្តក្រចេះ | ||
| 260 |
_aPhnom Penh _bRUA _c1991 |
||
| 300 |
_a91p. _bill. _c29cm. |
||
| 942 |
_2ddc _cFIS |
||
| 999 |
_c2968 _d2968 |
||